| 000 | 00759nam a2200205 a 4500 | ||
|---|---|---|---|
| 003 | 0 | ||
| 005 | 20250303133335.0 | ||
| 008 | 120724s19uu xx 00 eng d | ||
| 050 |
_aPGS LB 1134.B74 _b.K16 2012 |
||
| 100 | _aKang, Si On. | ||
| 245 |
_aBreakfast consumption and academic performance of SISC grade 6 students / _cSi On Kang. |
||
| 260 |
_aLas PiƱas City, Philippines : _bSouthville International School and Colleges, _c2012. |
||
| 300 |
_a25 pages : _billustrations ; _c28 cm. |
||
| 504 | _aIncludes bibliographical references. | ||
| 650 |
_aBreakfast _vHealth aspects. |
||
| 650 |
_aSchool children _vNutrition. |
||
| 650 |
_aAcademic achievement _vNutritional aspects . |
||
| 650 |
_aLearning _vPhysiological aspects. |
||
| 942 |
_2lcc _cPASS |
||
| 999 |
_c98813 _d98813 |
||